Pakistan ki Siyasi Jamatain / (Record no. 523381)

000 -LEADER
fixed length control field 00452nam a22001577a 4500
005 - DATE AND TIME OF LATEST TRANSACTION
control field 20190129111330.0
008 - FIXED-LENGTH DATA ELEMENTS--GENERAL INFORMATION
fixed length control field 190129b ||||| |||| 00| 0 eng d
020 ## - INTERNATIONAL STANDARD BOOK NUMBER
International Standard Book Number 9693515595
040 ## - CATALOGING SOURCE
Transcribing agency DLC
082 ## - DEWEY DECIMAL CLASSIFICATION NUMBER
Classification number 320.9591
Author Mark PAK
100 ## - MAIN ENTRY--PERSONAL NAME
Personal name Prof. Muhammad Usman, Masood
9 (RLIN) 13579
245 ## - TITLE STATEMENT
Title Pakistan ki Siyasi Jamatain /
Statement of responsibility, etc. Prof. Muhammad Usman, Masood
260 ## - PUBLICATION, DISTRIBUTION, ETC.
Place of publication, distribution, etc. Lahore :
Name of publisher, distributor, etc. Sang-e-Meel Publications :
Date of publication, distribution, etc. 2004.
300 ## - PHYSICAL DESCRIPTION
Extent 880p. :
942 ## - ADDED ENTRY ELEMENTS (KOHA)
Source of classification or shelving scheme
Koha item type Book
Holdings
Withdrawn status Lost status Source of classification or shelving scheme Damaged status Not for loan Permanent Location Current Location Date acquired Full call number Barcode Date last seen Price effective from Koha item type
          NUST Law School (NLS) NUST Law School (NLS) 01/29/2019 320.9591 PAK NIT-9873 01/29/2019 01/29/2019 Book
© 2023 Central Library, National University of Sciences and Technology. All Rights Reserved.